| 000 | 01374cam a22003374a 4500 | ||
|---|---|---|---|
| 008 | 080522s2003 maua b 000 0 eng | ||
| 020 | _a0072480424 | ||
| 040 |
_aDLC _cDLC _dDLC _dEC-GiCUC |
||
| 050 | 0 | 0 |
_aRC454 _b.T286 2009 |
| 082 | 0 | 0 |
_a616.89 _222 |
| 092 | 0 | 4 |
_a616.89 _bT1369 2003 _221 |
| 099 |
_a04 _a616.89 T1369 2003 |
||
| 245 | 0 | 0 |
_aTaking sides. _pClashing views in abnormal psychology / _cselected, edited, and with introductions by Richard P. Halgin. |
| 246 | 3 | 0 | _aClashing views in abnormal psychology |
| 250 | _a2nd ed. | ||
| 260 |
_aBoston : _bMcGraw-Hill Higher Education, _cc2003. |
||
| 300 |
_axxvi, 476 p. : _bill. ; _c24 cm. |
||
| 504 | _aIncludes bibliographical references. | ||
| 650 | 0 |
_aMental illness _vMiscellanea. |
|
| 650 | 0 |
_aPsychology, Pathological _vMiscellanea. |
|
| 650 | 0 |
_aReasoning _vMiscellanea. |
|
| 700 | 1 | _aHalgin, Richard P. | |
| 856 | 4 | 1 |
_3Table of contents only _uhttp://www.loc.gov/catdir/enhancements/fy0838/2008273855-t.html |
| 856 | 4 | 2 |
_3Contributor biographical information _uhttp://www.loc.gov/catdir/enhancements/fy0838/2008273855-b.html |
| 856 | 4 | 2 |
_3Publisher description _uhttp://www.loc.gov/catdir/enhancements/fy0838/2008273855-d.html |
| 902 | _a1 | ||
| 905 |
_aEman _eRev. |
||
| 905 |
_aJihan _eCat. |
||
| 942 |
_2ddc _cBK |
||
| 999 |
_c118130 _d118130 |
||